[Event "TUR-ch U13-U18"]
[Site "Antalya"]
[Date "2020.01.24"]
[Round "9"]
[White "Kamer, Kayra"]
[Black "Ozkurt, Kutay"]
[Result "1-0"]
[WhiteElo "2348"]
[BlackElo "1875"]
[PlyCount "61"]
[EventDate "2020.01.19"]
[EventType "swiss"]
[EventRounds "11"]
[EventCountry "TUR"]
[SourceTitle "CBM 195 Extra"]
[Source "ChessBase"]
[SourceDate "2020.05.31"]
[SourceVersion "1"]
[SourceVersionDate "2020.05.31"]
[SourceQuality "1"]

1. Nf3 d5 2. g3 Bg4 3. Bg2 c6 4. c4 dxc4 5. Na3 Nd7 6. Nxc4 Ngf6 7. d4 e6 8. Qb3 Bxf3 9. Bxf3 Nb6 10. Ne5 Nfd5 11. e4 Nc7 12. Be3 Bd6 13. Nd3 0-0 14. 0-0 Be7 15. a4 Qc8 16. Rac1 Na6 17. a5 Nd7 18. d5 Nf6 19. dxc6 bxc6 20. Qc4 Rd8 21. Qxc6 Qxc6 22. Rxc6 Nb4 23. Nxb4 Bxb4 24. a6 Nd7 25. Rc7 Nb6 26. Rfc1 Kf8 27. e5 Nd5 28. Bxd5 exd5 29. Rb7 d4 30. Bg5 Rdb8 31. Rc4 1-0

[Event "TUR-ch U13-U18"]
[Site "Antalya"]
[Date "2020.01.23"]
[Round "7"]
[White "Ozkurt, Kutay"]
[Black "Metin, Enis"]
[Result "1-0"]
[WhiteElo "1875"]
[BlackElo "1688"]
[PlyCount "53"]
[EventDate "2020.01.19"]
[EventType "swiss"]
[EventRounds "11"]
[EventCountry "TUR"]
[SourceTitle "CBM 195 Extra"]
[Source "ChessBase"]
[SourceDate "2020.05.31"]
[SourceVersion "1"]
[SourceVersionDate "2020.05.31"]
[SourceQuality "1"]

1. e4 c5 2. Nf3 d6 3. c3 Nf6 4. h3 g6 5. Bd3 Bg7 6. 0-0 0-0 7. Bc2 Nc6 8. d4 cxd4 9. cxd4 d5 10. e5 Ne4 11. Re1 f6 12. Bxe4 dxe4 13. Rxe4 fxe5 14. Qb3+ Kh8 15. dxe5 Be6 16. Qxe6 Rxf3 17. Nc3 Rxc3 18. bxc3 Qd1+ 19. Kh2 Rf8 20. f4 Qc2 21. Qc4 Nxe5 22. Rxe5 Bxe5 23. fxe5 Rf2 24. Qd5 Kg7 25. Be3 Re2 26. Rf1 Rxe3 27. Qf7+ 1-0

[Event "Lukavac op 8th"]
[Site "Lukavac"]
[Date "2019.11.25"]
[Round "7"]
[White "Ozkurt, Kutay"]
[Black "Terzic, Ilijas"]
[Result "1-0"]
[WhiteElo "1708"]
[BlackElo "2120"]
[PlyCount "77"]
[EventDate "2019.11.22"]
[EventType "swiss"]
[EventRounds "7"]
[EventCountry "BIH"]
[SourceTitle "CBM 193 Extra"]
[Source "ChessBase"]
[SourceDate "2020.01.31"]
[SourceVersion "1"]
[SourceVersionDate "2020.01.31"]
[SourceQuality "1"]

1. e4 e6 2. d4 d5 3. Nd2 a6 4. Ngf3 c5 5. dxc5 Bxc5 6. Bd3 Nc6 7. c3 Nf6 8. Qe2 0-0 9. 0-0 e5 10. exd5 Nxd5 11. Nb3 Bb6 12. Rd1 Qe7 13. Bxh7+ Kxh7 14. Rxd5 Bg4 15. h3 Bh5 16. Qe4+ f5 17. Qh4 Qxh4 18. Nxh4 f4 19. Nf3 Bxf3 20. gxf3 Rad8 21. Rxd8 Rxd8 22. Bd2 Kg6 23. Kg2 Kf5 24. Re1 Ne7 25. Kf1 Rh8 26. Re4 Rxh3 27. Kg2 Rh4 28. c4 Nc6 29. c5 Ba7 30. Bc3 Rh8 31. Na5 Bb8 32. Nxc6 bxc6 33. Ra4 Rh6 34. Rxa6 e4 35. fxe4+ Kxe4 36. Ra4+ Kd5 37. Kf3 g5 38. Ra8 Bc7 39. Rg8 1-0

[Event "Lukavac op 8th"]
[Site "Lukavac"]
[Date "2019.11.24"]
[Round "4"]
[White "Zivkovic, Milenko"]
[Black "Ozkurt, Kutay"]
[Result "0-1"]
[WhiteElo "1971"]
[BlackElo "1708"]
[PlyCount "118"]
[EventDate "2019.11.22"]
[EventType "swiss"]
[EventRounds "7"]
[EventCountry "BIH"]
[SourceTitle "CBM 193 Extra"]
[Source "ChessBase"]
[SourceDate "2020.01.31"]
[SourceVersion "1"]
[SourceVersionDate "2020.01.31"]
[SourceQuality "1"]

1. d4 d5 2. e4 dxe4 3. Nc3 Nf6 4. Bg5 Nbd7 5. Qe2 h6 6. Bxf6 Nxf6 7. 0-0-0 c6 8. d5 cxd5 9. Nxd5 Nxd5 10. Qb5+ Bd7 11. Qxd5 Bc6 12. Qh5 Qc7 13. f3 g6 14. Qc5 Bg7 15. Bb5 0-0 16. Bxc6 bxc6 17. fxe4 Rfb8 18. b3 Rb5 19. Qe3 Qa5 20. Kb1 Rab8 21. Nf3 Qa3 22. e5 Ra5 23. Qc3 Qxa2+ 24. Kc1 Qa3+ 25. Kb1 Rc5 26. Qb2 Qxb2+ 27. Kxb2 Bxe5+ 28. Nxe5 Rxe5 29. Rd7 a5 30. Ra1 Rbb5 31. Rd2 Rbd5 32. Rf2 Kg7 33. Ra4 g5 34. h4 f5 35. g4 f4 36. hxg5 hxg5 37. Rc4 Rc5 38. Rd4 Re3 39. Rg2 Kg6 40. Rd8 Rcc3 41. Rg8+ Kf6 42. Rf8+ Kg7 43. Rf5 Kg6 44. Rd2 Rg3 45. Rxa5 Rce3 46. Rc5 Re6 47. Rd8 Rxg4 48. Rg8+ Kf6 49. Rf8+ Kg7 50. Rff5 Kg6 51. Rf8 Rf6 52. Rg8+ Kh6 53. Rh8+ Kg7 54. Rh5 Kg6 55. Rh1 f3 56. Ra5 f2 57. Rf1 Rg1 58. Raa1 Rxf1 59. Rxf1 g4 0-1

[Event "Lukavac op 8th"]
[Site "Lukavac"]
[Date "2019.11.23"]
[Round "3"]
[White "Pestek, Elvis"]
[Black "Ozkurt, Kutay"]
[Result "1/2-1/2"]
[WhiteElo "1972"]
[BlackElo "1708"]
[PlyCount "29"]
[EventDate "2019.11.22"]
[EventType "swiss"]
[EventRounds "7"]
[EventCountry "BIH"]
[SourceTitle "CBM 193 Extra"]
[Source "ChessBase"]
[SourceDate "2020.01.31"]
[SourceVersion "1"]
[SourceVersionDate "2020.01.31"]
[SourceQuality "1"]

1. e4 c5 2. Nf3 Nc6 3. d4 cxd4 4. Nxd4 e5 5. Nb3 Nf6 6. Nc3 Bb4 7. Bd2 Bxc3 8. bxc3 b6 9. Bd3 0-0 10. c4 d6 11. 0-0 Be6 12. Qe2 Qe7 13. f4 exf4 14. Rxf4 Ne5 15. Nd4 1/2-1/2

[Event "Lukavac op 8th"]
[Site "Lukavac"]
[Date "2019.11.22"]
[Round "1"]
[White "Ozkurt, Kutay"]
[Black "Tonkovic, Robert"]
[Result "1-0"]
[WhiteElo "1708"]
[BlackElo "2118"]
[PlyCount "73"]
[EventDate "2019.11.22"]
[EventType "swiss"]
[EventRounds "7"]
[EventCountry "BIH"]
[SourceTitle "CBM 193 Extra"]
[Source "ChessBase"]
[SourceDate "2020.01.31"]
[SourceVersion "1"]
[SourceVersionDate "2020.01.31"]
[SourceQuality "1"]

1. e4 c5 2. Nf3 g6 3. c3 d5 4. exd5 Qxd5 5. Na3 Nf6 6. Bc4 Qd8 7. Ne5 e6 8. 0-0 Bg7 9. d4 0-0 10. dxc5 Ne4 11. Qe2 Nxc5 12. Rd1 Nbd7 13. Bf4 a6 14. b4 Qf6 15. Nxd7 Nxd7 16. Bd6 Re8 17. Rd3 Ne5 18. Re3 Nxc4 19. Nxc4 b5 20. Nb6 Ra7 21. Bc5 Rc7 22. Nd5 Qd8 23. Nxc7 Qxc7 24. Rd1 Bb7 25. Qd3 Be5 26. Bd6 Bxd6 27. Qxd6 Qc4 28. Qd3 Qc6 29. f3 Rf8 30. Qd7 Qb6 31. Qd4 Qc7 32. Re5 Bd5 33. a3 Rc8 34. Re3 Qb7 35. Kh1 Rc4 36. Qf6 Qc7 37. Rxd5 1-0

[Event "TUR-chT 2nd League"]
[Site "Konya"]
[Date "2019.07.24"]
[Round "4.2"]
[White "Can, Furkan"]
[Black "Ozkurt, Kutay"]
[Result "1-0"]
[WhiteElo "1900"]
[BlackElo "1824"]
[PlyCount "63"]
[EventDate "2019.07.22"]
[EventType "team-swiss"]
[EventRounds "9"]
[EventCountry "TUR"]
[SourceTitle "CBM 191 Extra"]
[Source "ChessBase"]
[SourceDate "2019.09.30"]
[SourceVersion "1"]
[SourceVersionDate "2019.09.30"]
[SourceQuality "1"]
[WhiteTeam "Mercan Egitim"]
[BlackTeam "Bursa Nida"]
[WhiteTeamCountry "TUR"]
[BlackTeamCountry "TUR"]

1. d4 d5 2. Nf3 Nf6 3. e3 Bf5 4. c4 e6 5. Nc3 c6 6. Qb3 Qb6 7. c5 Qc7 8. Qa4 Nbd7 9. b4 a6 10. b5 cxb5 11. Bxb5 Rc8 12. Be2 Be7 13. Ba3 0-0 14. 0-0 Ne4 15. Nxe4 Bxe4 16. Qb3 Rb8 17. Rac1 Bxf3 18. Bxf3 f5 19. Rb1 Bd8 20. Rfc1 Qc6 21. Bd1 Re8 22. Qa4 Qc7 23. Bf3 g5 24. Bh5 Rf8 25. c6 bxc6 26. Bxf8 Kxf8 27. Be2 a5 28. Rxb8 Nxb8 29. Qb3 Qd6 30. Qb7 Bc7 31. g3 Qd8 32. Bb5 1-0

[Event "TUR-chT 2nd League"]
[Site "Konya"]
[Date "2019.07.22"]
[Round "1.8"]
[White "Ozkurt, Kutay"]
[Black "Ince, Taylan Ruzgar"]
[Result "1/2-1/2"]
[WhiteElo "1824"]
[BlackElo "1610"]
[PlyCount "60"]
[EventDate "2019.07.22"]
[EventType "team-swiss"]
[EventRounds "9"]
[EventCountry "TUR"]
[SourceTitle "CBM 191 Extra"]
[Source "ChessBase"]
[SourceDate "2019.09.30"]
[SourceVersion "1"]
[SourceVersionDate "2019.09.30"]
[SourceQuality "1"]
[WhiteTeam "Bursa Nida"]
[BlackTeam "Yalova Altinkale"]
[WhiteTeamCountry "TUR"]
[BlackTeamCountry "TUR"]

1. e4 e6 2. d4 d5 3. Nd2 c5 4. Ngf3 cxd4 5. Nxd4 Nc6 6. Bb5 Bd7 7. Nxc6 Bxc6 8. Bxc6+ bxc6 9. c4 Nf6 10. Qa4 Qd7 11. e5 c5 12. Qd1 Ne4 13. Nxe4 dxe4 14. Qxd7+ Kxd7 15. Bd2 f6 16. exf6 gxf6 17. 0-0-0 Bh6 18. Be3+ Kc6 19. Kc2 Rhf8 20. Rhe1 f5 21. Bd2 Bxd2 22. Kxd2 Rad8+ 23. Kc2 Rd4 24. b3 Rfd8 25. Z0 Kd6 26. f3 h5 27. Kc3 Z0 28. Kc2 Ke5 29. Kc3 Kd6 30. Kc2 Kc6 1/2-1/2

[Event "World School-ch U17"]
[Site "Antalya"]
[Date "2019.04.25"]
[Round "8"]
[White "Ozkurt, Kutay"]
[Black "Kirilmaz, Emre"]
[Result "0-1"]
[WhiteElo "1943"]
[BlackElo "2033"]
[PlyCount "112"]
[EventDate "2019.04.18"]
[EventType "swiss"]
[EventRounds "9"]
[EventCountry "TUR"]
[SourceTitle "CBM 190 Extra"]
[Source "ChessBase"]
[SourceDate "2019.07.15"]
[SourceVersion "1"]
[SourceVersionDate "2019.07.15"]
[SourceQuality "1"]

1. e4 Nf6 2. e5 Nd5 3. d4 d6 4. c4 Nb6 5. exd6 cxd6 6. Nc3 g6 7. Be3 Bg7 8. Rc1 0-0 9. b3 e5 10. dxe5 dxe5 11. Qxd8 Rxd8 12. c5 N6d7 13. Nf3 Nc6 14. Bc4 Na5 15. Be2 Nf8 16. Ne4 h6 17. Nd6 b6 18. Nxc8 Raxc8 19. Ba6 Rc6 20. Bb5 Rc7 21. 0-0 bxc5 22. Bxc5 e4 23. Bb4 Rxc1 24. Rxc1 Rb8 25. a4 Nxb3 26. Rb1 a6 27. Bd6 Rb6 28. Bxf8 axb5 29. Bxg7 bxa4 30. Bd4 Rd6 31. Be5 Rd5 32. Nd4 Rxe5 33. Nxb3 axb3 34. Rxb3 Kg7 35. g3 Kf6 36. Kg2 Kf5 37. Rb7 f6 38. Rb6 h5 39. h4 Re6 40. Rb5+ Kg4 41. Rb4 g5 42. hxg5 Kxg5 43. Rb5+ f5 44. Rb8 Rg6 45. Kh3 h4 46. gxh4+ Kf4 47. Rc8 Rh6 48. Rc1 Rh5 49. Ra1 Kf3 50. Ra2 f4 51. Rb2 Rh8 52. Rb4 Re8 53. Rb2 e3 54. fxe3 fxe3 55. Rb1 e2 56. Re1 Re5 0-1

[Event "World School-ch U17"]
[Site "Antalya"]
[Date "2019.04.21"]
[Round "4"]
[White "Ozkurt, Kutay"]
[Black "Yerzhan, Zhangir"]
[Result "1-0"]
[WhiteElo "1943"]
[BlackElo "1768"]
[PlyCount "83"]
[EventDate "2019.04.18"]
[EventType "swiss"]
[EventRounds "9"]
[EventCountry "TUR"]
[SourceTitle "CBM 190 Extra"]
[Source "ChessBase"]
[SourceDate "2019.07.15"]
[SourceVersion "1"]
[SourceVersionDate "2019.07.15"]
[SourceQuality "1"]

1. e4 e5 2. Nf3 Nc6 3. Bc4 Bc5 4. c3 Nf6 5. d3 d6 6. h3 h6 7. 0-0 0-0 8. a4 a6 9. b4 Ba7 10. b5 Ne7 11. Nbd2 Ng6 12. d4 exd4 13. cxd4 d5 14. exd5 Nxd5 15. Ne4 c6 16. Qb3 Bb8 17. Ba3 Re8 18. Rae1 axb5 19. axb5 Ngf4 20. Nc5 Ne6 21. Nd3 Bd6 22. Bb2 Nb6 23. Nde5 Nxc4 24. Qxc4 cxb5 25. Qxb5 Ra5 26. Qb3 Ra6 27. Qc3 Qa5 28. Qc2 Qc7 29. Qd2 Qb6 30. Bc3 Ra3 31. Nc4 Qd8 32. Nxd6 Qxd6 33. Bb4 Qa6 34. Bxa3 Qxa3 35. d5 Nc7 36. Rxe8+ Nxe8 37. Qe3 Qxe3 38. fxe3 Nc7 39. Nd4 b5 40. Rb1 Bb7 41. Rb2 Nxd5 42. Rxb5 1-0

[Event "World School-ch U17"]
[Site "Antalya"]
[Date "2019.04.18"]
[Round "1"]
[White "Babazada, Khazar Araz"]
[Black "Ozkurt, Kutay"]
[Result "1-0"]
[WhiteElo "2285"]
[BlackElo "1943"]
[PlyCount "41"]
[EventDate "2019.04.18"]
[EventType "swiss"]
[EventRounds "9"]
[EventCountry "TUR"]
[SourceTitle "CBM 190 Extra"]
[Source "ChessBase"]
[SourceDate "2019.07.15"]
[SourceVersion "1"]
[SourceVersionDate "2019.07.15"]
[SourceQuality "1"]

1. Nf3 c5 2. g3 Nc6 3. Bg2 g6 4. 0-0 Bg7 5. c4 d6 6. Nc3 e5 7. e3 Nge7 8. d4 0-0 9. dxc5 dxc5 10. Qe2 Bg4 11. h3 Bxf3 12. Bxf3 Qc8 13. Bg2 f5 14. b3 e4 15. Bb2 Ne5 16. Rad1 Nd3 17. Ba1 Rd8 18. f3 Qc7 19. fxe4 Bxc3 20. Bxc3 fxe4 21. Qg4 1-0

[Event "TUR Cup"]
[Site "Antalya"]
[Date "2019.01.31"]
[Round "8"]
[White "Onem, Cem"]
[Black "Ozkurt, Kutay"]
[Result "0-1"]
[WhiteElo "1840"]
[BlackElo "1586"]
[PlyCount "70"]
[EventDate "2019.01.27"]
[EventType "swiss"]
[EventRounds "11"]
[EventCountry "TUR"]
[SourceTitle "CBM 188 Extra"]
[Source "ChessBase"]
[SourceDate "2019.02.26"]
[SourceVersion "1"]
[SourceVersionDate "2019.02.26"]
[SourceQuality "1"]

1. d4 d5 2. c4 dxc4 3. e4 e5 4. Nf3 exd4 5. Bxc4 Bb4+ 6. Bd2 Bxd2+ 7. Nbxd2 Nc6 8. 0-0 Qf6 9. e5 Qg6 10. Qb3 Nge7 11. Bd3 Qe6 12. Bb5 0-0 13. Rfe1 Qxb3 14. Nxb3 Rd8 15. Re4 d3 16. Re3 Bg4 17. Nbd2 a6 18. Bc4 Nb4 19. Re4 Nc2 20. Rc1 Bf5 21. Rf4 b5 22. Bb3 c5 23. g4 Bg6 24. h4 h5 25. gxh5 Bxh5 26. Bxc2 dxc2 27. Rxc2 Nd5 28. Re4 Bg6 29. Rxc5 Bxe4 30. Nxe4 Rac8 31. a3 Nf4 32. Kh2 Nd3 33. Rc3 Nxb2 34. Rb3 Rd3 35. Rxb2 Rxf3 0-1

[Event "TUR Cup"]
[Site "Antalya"]
[Date "2019.01.31"]
[Round "7"]
[White "Ozkurt, Kutay"]
[Black "Demir, Hilmi Mustafa"]
[Result "1-0"]
[WhiteElo "1586"]
[BlackElo "1809"]
[PlyCount "69"]
[EventDate "2019.01.27"]
[EventType "swiss"]
[EventRounds "11"]
[EventCountry "TUR"]
[SourceTitle "CBM 188 Extra"]
[Source "ChessBase"]
[SourceDate "2019.02.26"]
[SourceVersion "1"]
[SourceVersionDate "2019.02.26"]
[SourceQuality "1"]

1. e4 e5 2. Nf3 Nc6 3. Bb5 a6 4. Ba4 Nf6 5. Qe2 Be7 6. c3 b5 7. Bb3 0-0 8. 0-0 d5 9. exd5 Nxd5 10. Nxe5 Nxe5 11. Qxe5 Bb7 12. d4 Re8 13. Bxd5 Bxd5 14. Bf4 Bc4 15. Re1 Bg5 16. Qxe8+ Qxe8 17. Rxe8+ Rxe8 18. Be3 Bxe3 19. fxe3 Rxe3 20. Nd2 Bd5 21. Kf2 Re6 22. Nb3 Bc4 23. Re1 Rxe1 24. Kxe1 f5 25. Nc5 a5 26. b3 Bd5 27. g3 g5 28. Na6 c6 29. Nc5 Kf7 30. Nb7 a4 31. bxa4 bxa4 32. c4 Be4 33. Nd6+ Ke6 34. Nxe4 fxe4 35. g4 1-0

[Event "TUR Cup"]
[Site "Antalya"]
[Date "2019.01.30"]
[Round "5"]
[White "Ozkurt, Kutay"]
[Black "Kirali, Mehmet"]
[Result "0-1"]
[WhiteElo "1586"]
[BlackElo "1890"]
[PlyCount "118"]
[EventDate "2019.01.27"]
[EventType "swiss"]
[EventRounds "11"]
[EventCountry "TUR"]
[SourceTitle "CBM 188 Extra"]
[Source "ChessBase"]
[SourceDate "2019.02.26"]
[SourceVersion "1"]
[SourceVersionDate "2019.02.26"]
[SourceQuality "1"]

1. e4 Nc6 2. Nf3 e5 3. Bb5 Nf6 4. Qe2 a6 5. Bxc6 dxc6 6. Nxe5 Qd4 7. Nf3 Qxe4 8. Qxe4+ Nxe4 9. 0-0 Nd6 10. d3 Be7 11. Re1 Bg4 12. Ne5 Be6 13. Nf3 h6 14. Bf4 Bf6 15. Nc3 0-0-0 16. Bxd6 cxd6 17. h3 Rhe8 18. a4 a5 19. Rab1 g6 20. d4 Bf5 21. Rec1 g5 22. b4 g4 23. hxg4 Bxg4 24. Rd1 Kc7 25. Rb3 d5 26. Kf1 h5 27. bxa5 Ra8 28. Rdb1 Bc8 29. Re1 Rxe1+ 30. Kxe1 Rxa5 31. Kd2 Bf5 32. Rb2 Ra8 33. Rb1 Rg8 34. g3 Rg4 35. Ne2 Be4 36. Ne5 Bxe5 37. dxe5 h4 38. gxh4 Rxh4 39. Rg1 Rh2 40. Ke3 Bxc2 41. Rg7 Rh7 42. Rxh7 Bxh7 43. Kd4 b6 44. f4 Bc2 45. a5 bxa5 46. Kc5 a4 47. Nd4 Bd1 48. Kb4 Kb6 49. Nf5 c5+ 50. Ka3 d4 51. Nd6 Bb3 52. f5 Kc6 53. Ne4 Bd5 54. Nd2 Kb5 55. f6 c4 56. Nf3 d3 57. Nd4+ Kc5 58. e6 d2 59. exf7 Bxf7 0-1

[Event "TUR-chT 2nd League"]
[Site "Konya"]
[Date "2018.07.20"]
[Round "7.11"]
[White "Bek, Emir"]
[Black "Ozkurt, Kutay"]
[Result "1-0"]
[WhiteElo "1859"]
[BlackElo "1688"]
[PlyCount "141"]
[EventDate "2018.07.16"]
[EventType "team-swiss"]
[EventRounds "9"]
[EventCountry "TUR"]
[SourceTitle "EXT 2019"]
[Source "ChessBase"]
[SourceDate "2018.10.10"]
[SourceVersion "1"]
[SourceVersionDate "2018.10.10"]
[SourceQuality "1"]
[WhiteTeam "Gulbahcesi Egitim"]
[BlackTeam "Bursa Nida"]
[WhiteTeamCountry "TUR"]
[BlackTeamCountry "TUR"]

1. e4 c5 2. Nf3 Nc6 3. d4 cxd4 4. Nxd4 e5 5. Nb5 d6 6. N1c3 a6 7. Na3 Be6 8. Nd5 Nf6 9. Bg5 Bxd5 10. exd5 Qa5+ 11. c3 Qxd5 12. Qxd5 Nxd5 13. 0-0-0 Nf6 14. Nc4 0-0-0 15. Nb6+ Kb8 16. Bc4 Be7 17. Bxf7 Rhf8 18. Be6 Kc7 19. Be3 Ne4 20. Nd5+ Kb8 21. Nxe7 Nxe7 22. f3 Nc5 23. Bg4 Kc7 24. Rhe1 Nd7 25. Bg5 Nf6 26. Be6 h6 27. Be3 Nd7 28. Re2 Rf6 29. Bc4 Ng6 30. Red2 Nb6 31. Bb3 Nc8 32. a4 Nh4 33. Bc2 Nb6 34. Bf2 Ng6 35. b3 Nf4 36. a5 Nc8 37. Be4 Kb8 38. Be3 Ng6 39. Kc2 Nge7 40. b4 Nc6 41. h4 Rg8 42. h5 N6e7 43. g4 Rgf8 44. c4 Nc6 45. Kb3 Kc7 46. Ka4 Rd8 47. b5 N6e7 48. bxa6 bxa6 49. Rb1 Rd7 50. Bb6+ Nxb6+ 51. axb6+ Kb8 52. Rbd1 Rd8 53. Ka5 d5 54. Bxd5 Nc6+ 55. Kxa6 Rfd6 56. Kb5 Nd4+ 57. Rxd4 exd4 58. Ra1 Rxd5+ 59. cxd5 Rxd5+ 60. Kc6 Re5 61. Ra7 Re6+ 62. Kc5 d3 63. Rd7 Re5+ 64. Kc6 Re6+ 65. Kb5 d2 66. Ka6 Kc8 67. Rxd2 Re7 68. f4 Rf7 69. Re2 Rxf4 70. b7+ Kd7 71. b8Q 1-0

[Event "TUR-chT 2nd League"]
[Site "Konya"]
[Date "2018.07.19"]
[Round "5.11"]
[White "Ozkurt, Kutay"]
[Black "Tofan, Ismail"]
[Result "1-0"]
[WhiteElo "1688"]
[BlackElo "1683"]
[PlyCount "93"]
[EventDate "2018.07.16"]
[EventType "team-swiss"]
[EventRounds "9"]
[EventCountry "TUR"]
[SourceTitle "EXT 2019"]
[Source "ChessBase"]
[SourceDate "2018.10.10"]
[SourceVersion "1"]
[SourceVersionDate "2018.10.10"]
[SourceQuality "1"]
[WhiteTeam "Bursa Nida"]
[BlackTeam "Mardin Kale"]
[WhiteTeamCountry "TUR"]
[BlackTeamCountry "TUR"]

1. d4 d5 2. Bg5 Nf6 3. Bxf6 gxf6 4. Nf3 c6 5. e3 Qb6 6. Qc1 Bf5 7. Nbd2 Nd7 8. c4 e5 9. Be2 Be7 10. 0-0 0-0 11. c5 Qc7 12. Nh4 Be6 13. f4 f5 14. Qe1 Qd8 15. Nhf3 e4 16. Ne5 Nxc5 17. dxc5 Bxc5 18. Qg3+ Kh8 19. Nb3 Bb6 20. Qh3 Rg8 21. Bh5 Rg7 22. Nd4 Bxd4 23. exd4 Qb6 24. Qh4 Qxb2 25. g3 Qxd4+ 26. Kh1 Qb6 27. Qe7 Kg8 28. Rfb1 Qd8 29. Qxb7 c5 30. Nc6 Qf8 31. Nb8 Rxg3 32. hxg3 Qh6 33. Qxa8 Qxh5+ 34. Kg1 Kg7 35. Qb7 Qh3 36. Qb2+ d4 37. Qg2 Qg4 38. Nc6 Qg6 39. Ne5 Qf6 40. Rc1 c4 41. Nxc4 Bxc4 42. Rxc4 d3 43. Rac1 Qb6+ 44. Qf2 d2 45. Rd1 e3 46. Qe2 Qd6 47. Qxe3 1-0

[Event "TUR Cup										"]
[Site "Antalya"]
[Date "2018.02.01"]
[Round "8"]
[White "Ozkurt, Kutay"]
[Black "Kilic, Gokturk Kagan"]
[Result "1/2-1/2"]
[WhiteElo "1609"]
[BlackElo "1844"]
[PlyCount "39"]
[EventDate "2018.01.27"]
[EventType "swiss"]
[EventRounds "11"]
[EventCountry "TUR"]
[SourceTitle "CBM 182 Extra"]
[Source "ChessBase"]
[SourceDate "2018.02.23"]
[SourceVersion "1"]
[SourceVersionDate "2018.02.23"]
[SourceQuality "1"]

1. e4 d6 2. d4 g6 3. Nc3 Bg7 4. f4 a6 5. Nf3 b5 6. Be3 Bb7 7. Bd3 Nd7 8. e5 c5 9. Be4 Qc8 10. 0-0 Nh6 11. exd6 exd6 12. dxc5 dxc5 13. Bxb7 Qxb7 14. Qd5 Qxd5 15. Nxd5 0-0 16. Rad1 Ng4 17. Bf2 Nxf2 18. Rxf2 Nf6 19. Nxf6+ Bxf6 20. c3 1/2-1/2

[Event "TUR Cup										"]
[Site "Antalya"]
[Date "2018.01.31"]
[Round "7"]
[White "Ozdemir, Serhan Berat"]
[Black "Ozkurt, Kutay"]
[Result "1-0"]
[WhiteElo "1747"]
[BlackElo "1609"]
[PlyCount "83"]
[EventDate "2018.01.27"]
[EventType "swiss"]
[EventRounds "11"]
[EventCountry "TUR"]
[SourceTitle "CBM 182 Extra"]
[Source "ChessBase"]
[SourceDate "2018.02.23"]
[SourceVersion "1"]
[SourceVersionDate "2018.02.23"]
[SourceQuality "1"]

1. e4 c5 2. Nf3 Nc6 3. d4 cxd4 4. Nxd4 Nf6 5. Nc3 d6 6. Be2 g6 7. Be3 Bg7 8. 0-0 0-0 9. h3 a6 10. f4 e5 11. Nxc6 bxc6 12. fxe5 dxe5 13. Bc5 Qxd1 14. Raxd1 Re8 15. Rd6 Re6 16. Rd8+ Re8 17. Rxe8+ Nxe8 18. Bc4 Be6 19. Bxe6 fxe6 20. Rd1 Rb8 21. b3 Rb7 22. Rd8 Kf7 23. Na4 Bh6 24. Kf2 a5 25. Nb6 Bf8 26. Rd7+ Rxd7 27. Nxd7 Bxc5+ 28. Nxc5 Nd6 29. Ke3 Ke7 30. a4 h6 31. c3 g5 32. g4 Kd8 33. Nxe6+ Kd7 34. Ng7 Kc7 35. Nf5 Nf7 36. Kd3 Kb7 37. Kc4 Kb6 38. b4 axb4 39. cxb4 Kb7 40. Kc5 Kc7 41. a5 Kb7 42. Nd6+ 1-0

[Event "TUR Cup										"]
[Site "Antalya"]
[Date "2018.01.30"]
[Round "5"]
[White "Sarginalp, Tuna"]
[Black "Ozkurt, Kutay"]
[Result "0-1"]
[WhiteElo "1828"]
[BlackElo "1609"]
[PlyCount "76"]
[EventDate "2018.01.27"]
[EventType "swiss"]
[EventRounds "11"]
[EventCountry "TUR"]
[SourceTitle "CBM 182 Extra"]
[Source "ChessBase"]
[SourceDate "2018.02.23"]
[SourceVersion "1"]
[SourceVersionDate "2018.02.23"]
[SourceQuality "1"]

1. d4 Nf6 2. Bg5 Ne4 3. Bf4 d5 4. e3 Bf5 5. Nf3 Nd7 6. Bd3 e6 7. 0-0 Bd6 8. Bxd6 cxd6 9. c4 dxc4 10. Bxc4 d5 11. Bd3 0-0 12. Qe2 Rc8 13. Nbd2 Qb6 14. Nb3 Rc7 15. Nh4 a5 16. g4 Bg6 17. f4 f5 18. Rac1 Rfc8 19. Rxc7 Rxc7 20. Kh1 a4 21. Nc1 Nf8 22. Rg1 fxg4 23. Nxg6 Nxg6 24. Bxe4 dxe4 25. Qxg4 Rc2 26. f5 Qxb2 27. Qg3 exf5 28. Qb8+ Kf7 29. Nb3 axb3 30. Qxb7+ Ne7 31. Rxg7+ Kxg7 32. Qxe7+ Kg6 33. Qe6+ Kg5 34. Qg8+ Kh5 35. Qxh7+ Kg4 36. Qg6+ Kf3 37. Qg3+ Ke2 38. axb3 Kd3 0-1

[Event "TUR Cup										"]
[Site "Antalya"]
[Date "2018.01.29"]
[Round "4"]
[White "Ozkurt, Kutay"]
[Black "Erdogan, Yunus Emre"]
[Result "1/2-1/2"]
[WhiteElo "1609"]
[BlackElo "1850"]
[PlyCount "82"]
[EventDate "2018.01.27"]
[EventType "swiss"]
[EventRounds "11"]
[EventCountry "TUR"]
[SourceTitle "CBM 182 Extra"]
[Source "ChessBase"]
[SourceDate "2018.02.23"]
[SourceVersion "1"]
[SourceVersionDate "2018.02.23"]
[SourceQuality "1"]

1. e4 c5 2. Nc3 Nc6 3. Nge2 a6 4. d3 b5 5. Be3 e6 6. g3 Bb7 7. Bg2 d6 8. Qd2 g6 9. 0-0 Bg7 10. Rab1 Nf6 11. e5 Ng4 12. exd6 h5 13. Bxc5 h4 14. Qf4 Nxh2 15. Kxh2 Be5 16. Qe3 hxg3+ 17. Kg1 Qh4 18. fxg3 Qh2+ 19. Kf2 Bxc3 20. Nxc3 Ne5 21. Qxe5 Bxg2 22. Rg1 Bc6+ 23. Ke1 0-0-0 24. Ne4 Qxc2 25. d7+ Kb7 26. Rd1 Rh5 27. Qd4 Rh2 28. Qe3 Rxd7 29. Bd6 Rd8 30. g4 Rxd6 31. Nxd6+ Kc7 32. Nxf7 Kb7 33. Nd6+ Kc7 34. Ne4 Qxb2 35. Qa7+ Bb7 36. Qc5+ Kb8 37. Qe3 Bxe4 38. dxe4 Qb4+ 39. Kf1 Qf8+ 40. Ke1 Qb4+ 41. Rd2 Qb1+ 1/2-1/2

[Event "TUR Cup										"]
[Site "Antalya"]
[Date "2018.01.28"]
[Round "3"]
[White "Sarioglu, Burak"]
[Black "Ozkurt, Kutay"]
[Result "0-1"]
[WhiteElo "1219"]
[BlackElo "1609"]
[PlyCount "79"]
[EventDate "2018.01.27"]
[EventType "swiss"]
[EventRounds "11"]
[EventCountry "TUR"]
[SourceTitle "CBM 182 Extra"]
[Source "ChessBase"]
[SourceDate "2018.02.23"]
[SourceVersion "1"]
[SourceVersionDate "2018.02.23"]
[SourceQuality "1"]

1. d4 Nf6 2. c4 e6 3. Nc3 d5 4. Bf4 c5 5. e3 cxd4 6. exd4 Qb6 7. Rb1 Bb4 8. c5 Qa5 9. Qb3 Nc6 10. Nge2 Ne4 11. f3 Nxc5 12. dxc5 d4 13. Bd2 dxc3 14. Bxc3 Qxc5 15. Rd1 0-0 16. a3 Bxc3+ 17. Qxc3 Qxc3+ 18. Nxc3 Rd8 19. Bd3 Bd7 20. Ne4 Ne5 21. Nc5 Bc6 22. Ke2 b6 23. f4 Nxd3 24. Nxd3 Bxg2 25. Rhg1 Be4 26. Rg3 Bg6 27. Ke3 Rxd3+ 28. Rxd3 Bxd3 29. Kxd3 Rc8 30. Re3 Kf8 31. Re4 Rc1 32. h3 Ke7 33. f5 Rg1 34. Kc4 Rg2 35. b4 Rg3 36. a4 a6 37. a5 bxa5 38. bxa5 Ra3 39. Kb4 Rxh3 40. Kc5 0-1